Sucrochemistry : a symposium sponsored by the International Sugar Research Foundation, inc., and by the Division of Carbohydrate Chemistry at the 172nd meeting of the American Chemical Society, San Francisco, Calif., Aug. 31-Sept. 2, 1976 : [papers] /

Bibliographic Details
Corporate Authors: International Sugar Research Foundation, American Chemical Society. Division of Carbohydrate Chemistry
Other Authors: Hickson, John L., 1916-
Format: Book
Language:English
Published: Washington : American Chemical Society, 1977.
Series:ACS symposium series ; 41.
Subjects:

MARC

Tag First Indicator Second Indicator Subfields
LEADER 00000cam a2200000 i 4500
001 in00000053423
005 20151007070242.0
008 770203s1977 dcua b 10100 eng
010 |a  77001296  
020 |a 0841202907 
035 |a (OCoLC)02798995 
035 |9 AAE3649AM 
040 |a DLC  |c DLC  |d AZA  |d OCL  |d TXA  |d UtOrBLW 
049 |a TXAM  |c 1 [1109205], 2 [1115265] 
050 0 0 |a QD320  |b .S8 
060 0 |a QD 321 S942 1976 
082 0 |a 547/.781 
245 0 0 |a Sucrochemistry :  |b a symposium sponsored by the International Sugar Research Foundation, inc., and by the Division of Carbohydrate Chemistry at the 172nd meeting of the American Chemical Society, San Francisco, Calif., Aug. 31-Sept. 2, 1976 : [papers] /  |c John L. Hickson, editor. 
264 1 |a Washington :  |b American Chemical Society,  |c 1977. 
300 |a xvi, 381 pages :  |b illustrations ;  |c 24 cm. 
336 |a text  |b txt  |2 rdacontent 
337 |a unmediated  |b n  |2 rdamedia 
338 |a volume  |b nc  |2 rdacarrier 
490 1 |a ACS symposium series ; 41,  |x 0097-6156 
504 |a Includes bibliographical references and index. 
650 0 |a Sugar  |x Congresses. 
650 2 |a Carbohydrates  |x congresses. 
650 2 |a Sucrose  |x congresses. 
700 1 |a Hickson, John L.,  |d 1916- 
710 2 |a International Sugar Research Foundation. 
710 2 |a American Chemical Society.  |b Division of Carbohydrate Chemistry. 
830 0 |a ACS symposium series ;  |v 41. 
999 |a MARS 
999 f f |s 7419a84d-2f2a-3508-bb87-b49d6cd18471  |i 2bf4c2cd-f91c-3a6f-be38-1f5491a0f89c  |t 0 
952 f f |p ric  |a Texas A&M University  |b Rellis Campus  |c Joint Library Facility  |s JLF  |d Remote Storage  |t 0  |e QD320 .S8  |h Library of Congress classification  |i unmediated -- volume  |m A14804699997 
998 f f |a QD320 .S8  |t 0  |l Remote Storage